| 000 | 01914cam a22004574i 4500 | ||
|---|---|---|---|
| 003 | PE-LiUPU | ||
| 005 | 20250731173055.0 | ||
| 008 | 150623s1995 ag r 000 0 spa d | ||
| 020 | _a9505735189 | ||
| 035 | _a(Sirsi) a24227 | ||
| 040 |
_aPE-LiUPU _bspa _cPE-LiUPU _erda |
||
| 049 | _aPRUA | ||
| 082 | 0 | 4 |
_a263.1 _bL63 _221 |
| 100 | 1 |
_aLiebelt, Gerita Garver, _eautor. |
|
| 245 | 1 | 0 |
_aDel dilema a la delicia : _bideas novedosas para tener sábados felices / _cGerita Garver Liebelt. |
| 264 | 1 |
_aBuenos Aires : _bAsociación Casa Editora Sudamericana, _c1995. |
|
| 300 |
_a96 páginas ; _c20 centímetros |
||
| 336 |
_atext _2rdacontent |
||
| 337 |
_aunmediated _2rdamedia |
||
| 338 |
_avolume _2rdacarrier |
||
| 505 | 0 | _aComo comenzó todo -- Un arco iris de respuestas -- Como acordarse -- Viernes de noche -- Sábado de mañana -- En la casa de Dios -- El almuerzo del sábado -- Sábado de tarde -- Sábados lluviosos -- El resplandor del crepúsculo. | |
| 526 | _aSEG42 | ||
| 526 | _aSEG41 | ||
| 526 | _aSEG40 | ||
| 526 | _aSEG39 | ||
| 526 | _aP94 | ||
| 526 | _aP87 | ||
| 526 | _aP86 | ||
| 526 | _aP85 | ||
| 526 | _aP77 | ||
| 526 | _aP76 | ||
| 526 | _aP35 | ||
| 650 | 0 | 4 |
_aSábado bíblñico _xDía de observancia. |
| 942 |
_2ddc _cBOOK |
||
| 949 |
_a263.1 L63 _wDEWEY _c1 _i48512 _lCCODEBUL1 _mBUL _p00.00 _r0 _sY _tBOOK _u2015-06-24 _xTEOLOGIA _PP35 _0COMPRA _o.STAFF. Colección General |
||
| 596 | _a1 2 | ||
| 999 |
_a263.1 L63 _wDEWEY _c27682 _i48512 _d27682 _e2016-6-12 _f2021-11-10 _g5 _lCCODEBUL1 _mBUL _n2 _p20.00 _q5 _r0 _sY _tBOOK _u2015-6-24 _xTEOLOGIA _PP35 _0COMPRA _o.STAFF. Colección Teología |
||
| 999 |
_a263 L42 1995 _wDEWEY _c1 _iFT01155 _f2019-2-20 _g1 _lCCODEBUT1 _mBUT _r0 _sY _tBOOK _u2015-11-20 _xBIBLIOTECA _zUNKNOWN _0DONACION _o.STAFF. Colección General |
||
| 980 |
_81 _gALBERTO SANCHEZ Responsable de Automatización |
||